000 00675nam a2200193 i 4500
001 67922
003 ES-MaACL
005 20230906170154.0
007 t|
008 040216s1964 sp ||||1| spa d
100 1 _aGallizio, Angelo.
_953632
245 1 0 _aInstalaciones sanitarias... en el interior de los edificios /
_cAngelo Gallizio ; traducción Luis Alegret Lleonci ; revisada por Ramón Fortet Gay.
260 _aBarcelona :
_bHoepli,
_c1964.
300 _aXII, 576 p. :
_bgraf. ;
_c25 cm.
650 4 _aInstalaciones sanitarias.
_9150974
700 1 _aAlegret Lleonci, Luis.
_919678
700 0 _aFortet Gay, Ramón.
_951856
852 _aES-MaACL
_jC-25931
_bR.54851
999 _c67922
_d67922